| 000 | 00681nam a2200193Ia 4500 | ||
|---|---|---|---|
| 008 | 151121s9999||||xx |||||||||||||| ||und|| | ||
| 082 | _a813 / महाम्ब | ||
| 082 | _bHNW-76492 | ||
| 100 | _aमहाम्बरे अरुंधती -अनु। | ||
| 245 | _aवाळवी | ||
| 260 | _b"नॅशनल बुक ट्रस्ट इंडिया, नवी दिल्ली।" | ||
| 260 | _c-- | ||
| 300 | _a100 | ||
| 600 | _aमहाम्बरे अरुंधती -अनु। | ||
| 630 | _aवाळवी | ||
| 700 | _aमहाम्बरे अरुंधती -अनु। | ||
| 730 | _aवाळवी | ||
| 942 | _cBOOK | ||
| 999 |
_c1257915 _d1257912 |
||